|
|
|
|
| LEADER |
00000nam a22000007a 4500 |
| 005 |
20151013133934.0 |
| 007 |
cr|||| ||u| |
| 008 |
151013s2009 mx |||||||||| 00||0 spa d |
| 020 |
|
|
|a 978-607-8359-51-6
|
| 035 |
|
|
|a 12877
|
| 040 |
|
|
|a vLex
|
| 090 |
|
|
|c 5594
|d 5594
|
| 245 |
|
|
|a Paradigmas emergentes en la investigacin̤ administrativa
|h [Recurso electrn̤ico] /
|c Universidad Autn̤oma de Aguas Calientes
|
| 256 |
|
|
|a Servicio en ln̕ea
|
| 260 |
|
|
|a Mx̌ico
|b Universidad Autn̤oma de Aguas Calientes
|c 2009
|
| 300 |
|
|
|a 1 recurso electrn̤ico (170 p.)
|
| 506 |
|
|
|a Contenido solo disponible en los productos indicados
|d vLex Global
|d vLex Global (Academic Edition, excluding Law Schools)
|d vLex Global (U.S. Academic Edition, Law Schools)
|d vLex Global (U.S. Academic Edition, excluding Law Schools)
|d vLex Global (Academic Edition, Law Schools)
|
| 650 |
0 |
4 |
|a Derecho administrativo
|z Mx̌ico
|
| 710 |
1 |
|
|a Universidad Autn̤oma de Aguas Calientes
|
| 740 |
0 |
|
|a vLex libros (servicio en ln̕ea)
|
| 856 |
4 |
0 |
|u http://vlex.com/source/paradigmas-emergentes-investigacion-administrativa-12877
|z Acceso restringido
|
| 942 |
|
|
|c BOOK
|
| 999 |
0 |
|
|a Administrative Law
|